| 000 | 01079nmc a2200385 a 4500 | ||
|---|---|---|---|
| 003 | AR-BaBNM | ||
| 005 | 20251128211141.0 | ||
| 008 | 033020s2002 ||||||||||||||000 | spa|| | ||
| 020 | _a950-16-5304-8 | ||
| 040 | _cAR-BaBNM | ||
| 245 | 1 | 0 | _aSer humano. Libro cuarto |
| 250 | _a2ª ed. | ||
| 260 |
_aBuenos Aires _bTroquel _c2002 |
||
| 300 | 0 |
_a157 p. _bil., tablas |
|
| 490 | 0 | _aSer humano. Programa Troquel de educación integral | |
| 521 | _aEGB 2 | ||
| 650 | 4 | _aLIBROS DE TEXTO | |
| 650 | 4 | _aCURRICULO INTEGRADO | |
| 650 | 4 | _aCURRICULO TRANSDISCIPLINARIO | |
| 650 | 4 | _aACTIVIDADES DE APRENDIZAJE | |
| 650 | 4 | _aJUEGOS EDUCATIVOS | |
| 653 | 0 | _aEDUCACION EN VALORES | |
| 653 | 0 | _aEDUCACION PARA LA CONVIVENCIA | |
| 653 | 0 | _aESTRATEGIAS EDUCATIVAS | |
| 653 | 0 | _aEDUCACION PRIMARIA | |
| 653 | 0 | _aSEGUNDO CICLO DE LA EGB | |
| 700 | 1 | _aGuibourg, Flavia | |
| 700 | 1 | _aDeni, Graciela | |
| 700 | 1 | _aBalza, Federico | |
| 700 | 1 | _aMartínez, Alejandra | |
| 700 | 1 | _aSztamfater, Andrea | |
| 700 | 1 | _aCaironi, Graciela | |
| 942 | _cBK | ||
| 998 | _craquel | ||
| 999 |
_c18463 _d18463 |
||